| 000 | 00885nam a2200217 4500 | ||
|---|---|---|---|
| 005 | 20180731142257.0 | ||
| 010 | _a1718EN-30 ENG-123633 | ||
| 020 |
_a9788178244952 _c495.00 |
||
| 035 | _aB-682963-964 EN-107165 | ||
| 037 |
_bAakar _adpl |
||
| 037 | _bDBAD/PUB | ||
| 082 |
_bNOV _a891.4609 |
||
| 082 | _a861.09 | ||
| 100 | _aNovetzke, Christian Lee | ||
| 245 |
_aThe quotidian revolution: _cby Christian Lee Novetzke _bvernacularization, religion and the premodern public sphere in India / |
||
| 260 |
_aRanikhet _bPermanent Black _c2017 |
||
| 270 |
_aHimalayana, Mall Road, Ranikhet Cantt. _bRanikhet _e263645 |
||
| 300 |
_axxiv, 402p. _b21cm(hb) |
||
| 942 |
_2ddc _cEN _mNOV _h891.4609 |
||
| 999 |
_c145749 _d145749 |
||